Hướng dẫn thực hiện 3 luật thuế & kế toán mới

Salvato in:
Dettagli Bibliografici
Natura: Libro
Lingua:Undetermined
Pubblicazione: Hà Nội Tài chính 2004
Soggetti:
Tags: Aggiungi Tag
Nessun Tag, puoi essere il primo ad aggiungerne! !
Thư viện lưu trữ: Trung tâm Học liệu Trường Đại học Cần Thơ
LEADER 00564nam a2200193Ia 4500
001 CTU_60043
008 210402s9999 xx 000 0 und d
020 |b 55000 
020 |c 55000 
082 |a 343.59704 
082 |b H561 
245 0 |a Hướng dẫn thực hiện 3 luật thuế & kế toán mới 
245 0 |c Biên soạn: Vũ Xuân Tiền 
260 |a Hà Nội 
260 |b Tài chính 
260 |c 2004 
650 |a Tax accounting 
904 |i Minh, H.Mai 
980 |a Trung tâm Học liệu Trường Đại học Cần Thơ